Locations of the Agencies of the European Union - Statistics

General Stats
  • This quiz has been taken 24 times
  • The average score is 23 of 42
Answer Stats
Hint Answer % Correct
European Defence Agency (EDA) Brussels
100%
European Institute for Security Studies (EUISS) Paris
94%
European Banking Authority (EBA) (2019-present) Paris
94%
European Securities and Markets Authority (ESMA) Paris
94%
European Medicines Agency (EMA) (2019-present) Amsterdam
82%
European Aviation Safety Agency (EASA) Frankfurt
82%
European Systemic Risk Board (ESRB) Frankfurt
82%
European Insurance and Occupational Pensions Authority (EIOPA) Frankfurt
82%
European Medicines Agency (EMA) (1995-2019) London
82%
European Banking Authority (EBA) (2011-2019) London
82%
Translation Centre for the Bodies of the European Union (CdT) Luxembourg
82%
European Union Agency for Law Enforcement Cooperation (Europol) The Hague
82%
European body for the enhancement of judicial co-operation (Eurojust) The Hague
82%
European Border and Coast Guard Agency (FRONTEX) Warsaw
82%
European Environment Agency (EEA) Copenhagen
76%
European Monitoring Centre for Drugs and Drug Addiction (EMCDDA) Lisbon
76%
European Maritime Safety Agency (EMSA) Lisbon
76%
European Centre for Disease Prevention and Control (ECDC) Stockholm
76%
European Foundation for the Improvement of Living and Working Conditions (EUROFOUND) Dublin
71%
European Institute of Innovation and Technology (EIT) Budapest
65%
The European Union Agency for Law Enforcement Training (CEPOL) (2014-present) Budapest
65%
Fundamental Rights Agency (FRA) Vienna
65%
European Labour Authority (ELA) Bratislava
59%
The European Global Navigation Satellite Systems Agency (GSA) Prague
59%
Agency for the Cooperation of Energy Regulators (ACER) Ljubljana
53%
Body of European Regulators of Electronic Communications (BEREC) Riga
53%
European Agency for the operational management of large-scale IT Systems in the area of freedom, security and justice (eu-LISA) Tallinn
53%
European Institute for Gender Equality (EIGE) Vilnius
53%
European Chemicals Agency (ECHA) Helsinki
35%
European Railway Agency (ERA) #2 Lille
35%
European Training Foundation (ETF) Turin
35%
European Centre for the Development of Vocational Training (Cedefop) Thessaloniki
24%
European Asylum Support Office (EASO) Valletta
24%
European Food Safety Authority (EFSA) Parma
18%
European Union Intellectual Property Office (EUIPO) Alicante
12%
European Agency for Safety and Health at Work (EU-OSHA) Bilbao
12%
Community Plant Variety Office (CPVO) Angers
6%
European Union Agency for Cybersecurity (ENISA) Heraklion
6%
The European Union Agency for Law Enforcement Training (CEPOL) (2005-2014) Bramshill
0%
European Union Satellite Centre (SatCen) Torrejón de Ardoz
0%
European Railway Agency (ERA) Valenciennes
0%
European Fisheries Control Agency (EFCA) Vigo
0%
No matching quizzes found
Score Distribution
Percent of People with Each Score
Percentile by Number Answered
Your Score History
You have not taken this quiz